000 00538 a2200205 4500
999 _c29315
_d29315
003 NUST
005 20180118142108.0
008 180118b xxu||||| |||| 00| 0 eng d
020 _a0582414768
020 _a9780582414761
082 0 4 _a620.106
100 1 _aDouglas, J. F.
_98815
245 1 0 _aFluid mechanics /
_cJ. F. Douglas, John Gasiorek, John Swaffield.
250 _a4th ed.
260 _a[S.l.] :
_bPrentice Hall,
_c2001.
300 _a911 p. ;
_c25 cm.
490 1 _a4th edition.
700 1 _aGasiorek, John.
_98816
700 1 _aSwaffield, John.
_98817
830 0 _a4th edition.
_9167
942 _aSNS
_cBK
_k620.106 DOU
_2ddc